1873 1391 1518 1129 1999 1521 1501 1541 1123 1387 1017 1716 1624 1312 1520 1088 1847 1906 1608 1660 1263 1038 1943 1280 1088 1719 1439 1926 1969 1313 1492 1880 1882 1703 1822 1094 1545 1848 1714 1553 1795 1908 1707 1296 1071 1163 1012 1902 1829 1383 1969 1734 1611 1000 1710 1126 1826 1739 1868 1208 1644 1502 1415 1550 1008 1894 1410 1489 1209 1346 1043 1424 1507 1402 1196 1313 1982 1497 1219 1640 1981 1204 1160 1412 1183 1288 1230 1095 1875 1110 1107 1913 1239 1485 1456 1686 1659 1827 1583 BCNSPRNW ULIB Ver.6.0+V

เปลี่ยนเป็นภาษาไทย

Change to English
 แสดงรายละเอียดบรรณานุกรม
  กลับหน้าหลัก

Brief Record : Get Marc (ISO 2709) : E-mail record : QR code < ปิดหน้าต่าง
LEADER : 00000nam 2200000uu 4500
001    13399108559
003     ULIB
008    110308s2543||||th 000 0 tha d
020    9747549206 (ล.1)
060 04 QV770^bว587ส ล.1 2543
245 00 สมุนไพรพื้นบ้านภาคอีสาน /^cรวบรวมและเรียบเรียงโดย มาลีบรรจบ ... [และคนอื่นๆ]
250    พิมพ์ครั้งที่ 1
260    [นนทบุรี] :^bสถาบันวิจัยสมุนไพร กรมวิทยาศาสตร์การแพทย์,^c2543
300    3 ล. ;^c29 ซม.
650  2 Herbs^zThailand (Northeast)
650  2 Medicine Herbal^zThailand (Northeast)
650  7 พฤกษศาสตร์^zไทย (ภาคตะวันออกเฉียงเหนือ)
650  7 ยาแผนโบราณ^zไทย (ภาคตะวันออกเฉียงเหนือ)
650  7 สมุนไพร^xการใช้รักษา^zไทย (ภาคตะวันออกเฉียงเหนือ)
700 0  มาลี บรรจบ
710 2  กรมวิทยาศาสตร์การแพทย์. ^bสถาบันวิจัยสมุนไพร
710 2  สถาบันวิจัยสมุนไพร
945    ^p0^l0^i012892
995    ทศพร
999 ^a ใช้งานได้ทุกระบบ
รายการนี้ยังไม่มีแท็ก
คุณยังไม่ได้ล็อกอิน คุณสามารถมีกิจกรรมร่วมกับเว็บไซต์ได้ แต่ต้องล็อกอินก่อน ::
  ล็อกอิน

รายการสื่อสารสนเทศ

ลำดับที่ ประเภท เลขเรียก/บาร์โค้ด สถานที่ สถานะ
- ไม่พบข้อมูล -

BibComment


ยังไม่เคยถูกคอมเมนท์

คอมเมนท์ทรัพยากรรายการนี้
  คอมเมนท์: สมุนไพรพื้นบ้านภา..


 Copyright 2026. Bcnsprnw @Library